Città sopra o sotto il Tropico del Capricorno? - Quiz n°3 - Statistics

Statistiche generali
  • Questo quiz è stato fatto 4 volte
  • Il punteggio medio è 6 su 10
Statistiche sulle risposte
Hint Risposta % Corretto
Lima Nord del Tropico del Capricorno
75%
Kinshasa Nord del Tropico del Capricorno
75%
Dodoma Nord del Tropico del Capricorno
75%
Montevideo Sud del Tropico del Cancro
75%
Pretoria Sud del Tropico del Cancro
75%
Brazzaville Nord del Tropico del Capricorno
50%
Adelaide Sud del Tropico del Cancro
50%
Gaborone Sud del Tropico del Cancro
50%
Port Louis Nord del Tropico del Capricorno
25%
Auckland Sud del Tropico del Cancro
25%
Nessun quiz corrispondente trovato
Distribuzione punteggi
Percentuale di utenti per punteggio
Percentile per numero di risposta
I tuoi punteggi nel tempo
Non hai fatto questo quiz